|
|
|
|
| LEADER |
02515nam a2200685 4500 |
| 001 |
ocn761321877 |
| 003 |
OCoLC |
| 005 |
20170124071031.8 |
| 006 |
m o d |
| 007 |
cr cn||||||||| |
| 008 |
111117s2011 enk ob 001 0 eng d |
| 040 |
|
|
|a DG1
|b eng
|e pn
|c DG1
|d N$T
|d CDX
|d YDXCP
|d OCLCQ
|d OCLCF
|d OCLCA
|d CUS
|d DEBSZ
|d OCLCQ
|d SE4M6
|d OCLCQ
|d DEBBG
|d DG1
|d GrThAP
|
| 019 |
|
|
|a 708234848
|a 712855551
|a 791302013
|
| 020 |
|
|
|a 9780470920527
|q (electronic bk.)
|
| 020 |
|
|
|a 0470920521
|q (electronic bk.)
|
| 020 |
|
|
|a 9780470638354
|q (Cloth)
|
| 020 |
|
|
|a 0470638354
|q (Cloth)
|
| 020 |
|
|
|a 9781118105771
|
| 020 |
|
|
|a 111810577X
|
| 020 |
|
|
|a 9780470920541
|
| 020 |
|
|
|a 0470920548
|
| 024 |
8 |
|
|a 9786613025432
|
| 029 |
1 |
|
|a AU@
|b 000047057017
|
| 029 |
1 |
|
|a CHBIS
|b 006510988
|
| 029 |
1 |
|
|a CHBIS
|b 009883812
|
| 029 |
1 |
|
|a CHVBK
|b 174594860
|
| 029 |
1 |
|
|a CHVBK
|b 199152209
|
| 029 |
1 |
|
|a DEBBG
|b BV043157756
|
| 029 |
1 |
|
|a DEBSZ
|b 421628499
|
| 029 |
1 |
|
|a GBVCP
|b 790034808
|
| 029 |
1 |
|
|a NZ1
|b 15915141
|
| 029 |
1 |
|
|a SE4M6
|b 120056607
|
| 029 |
1 |
|
|a DEBBG
|b BV043393738
|
| 035 |
|
|
|a (OCoLC)761321877
|z (OCoLC)708234848
|z (OCoLC)712855551
|z (OCoLC)791302013
|
| 050 |
|
4 |
|a QP601
|b .A38 v.77
|
| 072 |
|
7 |
|a SCI
|x 007000
|2 bisacsh
|
| 082 |
0 |
4 |
|a 572.7
|2 22
|
| 049 |
|
|
|a MAIN
|
| 245 |
0 |
0 |
|a Advances in enzymology and related areas of molecular biology.
|n Volume 78 /
|c edited by Eric J. Toone.
|
| 264 |
|
1 |
|a Oxford :
|b Wiley-Blackwell,
|c 2011.
|
| 300 |
|
|
|a 1 online resource (1 volume)
|
| 336 |
|
|
|a text
|b txt
|2 rdacontent
|
| 337 |
|
|
|a computer
|b c
|2 rdamedia
|
| 338 |
|
|
|a online resource
|b cr
|2 rdacarrier
|
| 500 |
|
|
|a Includes indexes.
|
| 588 |
0 |
|
|a Print version record.
|
| 504 |
|
|
|a Includes bibliographical references and indexes.
|
| 650 |
|
0 |
|a Enzymes
|x Metabolism.
|
| 650 |
|
0 |
|a Enzymes
|x Industrial applications.
|
| 650 |
|
0 |
|a Enzymes
|x Synthesis.
|
| 650 |
|
7 |
|a SCIENCE
|x Life Sciences
|x Biochemistry.
|2 bisacsh
|
| 650 |
|
7 |
|a Enzymes
|x Industrial applications.
|2 fast
|0 (OCoLC)fst00913615
|
| 650 |
|
7 |
|a Enzymes
|x Metabolism.
|2 fast
|0 (OCoLC)fst00913618
|
| 650 |
|
7 |
|a Enzymes
|x Synthesis.
|2 fast
|0 (OCoLC)fst00913628
|
| 655 |
|
4 |
|a Electronic books.
|
| 700 |
1 |
|
|a Toone, Eric J.
|
| 710 |
2 |
|
|a Wiley InterScience (Online service)
|
| 776 |
0 |
8 |
|i Print version:
|t Advances in enzymology and related areas of molecular biology. Volume 77.
|d Oxford : Wiley-Blackwell, 2011
|z 9780470920541
|w (OCoLC)705354462
|
| 856 |
4 |
0 |
|u https://doi.org/10.1002/9781118105771
|z Full Text via HEAL-Link
|
| 994 |
|
|
|a 92
|b DG1
|